Normal view
MARC view
Entry Personal Name
001 - CONTROL NUMBER
- control field: 129189
003 - CONTROL NUMBER IDENTIFIER
- control field: OSt
005 - DATE AND TIME OF LATEST TRANSACTION
- control field: 20230803100136.0
008 - FIXED-LENGTH DATA ELEMENTS
- fixed length control field: 230803|| aca||aabn | a|a d
040 ## - CATALOGING SOURCE
- Original cataloging agency: OSt
- Transcribing agency: OSt
100 ## - HEADING--PERSONAL NAME
- Personal name: Boria Majumdar
670 ## - SOURCE DATA FOUND
- Source citation: Work cat.: (OSt)228203: Boria Majumdar, Sachin@50 : Celebrating a Maestro, 2023